[Event "RUS-Cup7"]
[Site "Kstovo"]
[Date "1997.05.04"]
[Round "4"]
[White "Malaniuk, Vladimir P"]
[Black "Labutin, Sergey"]
[Result "1/2-1/2"]
[WhiteElo "2610"]
[BlackElo "2360"]
[PlyCount "104"]
[EventDate "1997.05.01"]
[EventType "swiss"]
[EventRounds "9"]
[EventCountry "RUS"]
[SourceTitle "CBM 059"]
[Source "ChessBase"]
[SourceDate "1997.08.01"]
[SourceVersion "1"]
[SourceVersionDate "1997.08.01"]
[SourceQuality "1"]

1. d4 d5 2. c4 e6 3. Nf3 c6 4. e3 Nd7 5. Qc2 Ngf6 6. Nc3 Be7 7. Bd3 dxc4 8. Bxc4 b5 9. Be2 Bb7 10. 0-0 0-0 11. Rd1 b4 12. Na4 c5 13. Nxc5 Nxc5 14. dxc5 Qc7 15. Bd2 Qxc5 16. Qxc5 Bxc5 17. Rac1 Rfc8 18. Ne5 a5 19. Bf3 Nd5 20. Rc2 Be7 21. Rdc1 Rxc2 22. Rxc2 Bd6 23. Nc4 Bc7 24. Rc1 Rd8 25. Kf1 h6 26. Ke1 Ba6 27. g3 Kf8 28. Bd1 f5 29. f3 Nf6 30. Be2 Bb7 31. a3 bxa3 32. bxa3 Ra8 33. Bc3 Bd5 34. Bd4 Nd7 35. e4 fxe4 36. fxe4 Bb7 37. e5 Bd5 38. Nd6 Bd8 39. Bb5 Nb6 40. Ke2 Kg8 41. Kd3 Rb8 42. Rc2 Bb3 43. Rc3 a4 44. Rc1 Nd5 45. Bd7 Ne7 46. Nc4 Kh8 47. Bxe6 Nc6 48. Bd5 Bg5 49. Rc3 Na5 50. Bc5 Rd8 51. Bd6 Bxc4+ 52. Bxc4 Nb7 1/2-1/2

[Event "RUS-Cup7"]
[Site "Kstovo"]
[Date "1997.??.??"]
[Round "9"]
[White "Labutin, Sergey"]
[Black "Varavin, Viktor"]
[Result "0-1"]
[WhiteElo "2360"]
[BlackElo "2505"]
[PlyCount "77"]
[EventDate "1997.05.01"]
[EventType "swiss"]
[EventRounds "9"]
[EventCountry "RUS"]
[SourceTitle "EXT 1999"]
[Source "ChessBase"]
[SourceDate "1998.11.16"]
[SourceVersion "1"]
[SourceVersionDate "1998.11.16"]
[SourceQuality "1"]

1. e4 e5 2. Nf3 Nc6 3. Bb5 a6 4. Bxc6 dxc6 5. d3 f6 6. Nbd2 Bd6 7. Nf1 Ne7 8. Ng3 h5 9. h3 c5 10. Be3 Be6 11. Nh4 g6 12. Qf3 Rf8 13. Qe2 Qd7 14. Nf3 0-0-0 15. b3 Rh8 16. 0-0-0 a5 17. Qd2 Nc6 18. Ne2 a4 19. Nc3 axb3 20. axb3 Nd4 21. Kb2 b6 22. Ng1 f5 23. f3 f4 24. Bf2 g5 25. Nd5 Kb7 26. c3 Nxb3 27. Qc2 Na5 28. c4 g4 29. Bh4 Ra8 30. Nf6 Qc6 31. hxg4 b5 32. Nd5 Qa6 33. Rb1 Nxc4+ 34. Kc1 Na3 35. Qa2 Nxb1 36. Qxa6+ Rxa6 37. Kxb1 Rha8 38. gxh5 Ra1+ 39. Kb2 0-1

[Event "RUS-Cup7"]
[Site "Kstovo"]
[Date "1997.??.??"]
[Round "6"]
[White "Shurygin, Sergey"]
[Black "Labutin, Sergey"]
[Result "1/2-1/2"]
[WhiteElo "2365"]
[BlackElo "2360"]
[PlyCount "30"]
[EventDate "1997.05.01"]
[EventType "swiss"]
[EventRounds "9"]
[EventCountry "RUS"]
[SourceTitle "EXT 1999"]
[Source "ChessBase"]
[SourceDate "1998.11.16"]
[SourceVersion "1"]
[SourceVersionDate "1998.11.16"]
[SourceQuality "1"]

1. c4 Nf6 2. Nc3 e5 3. g3 d5 4. cxd5 Nxd5 5. Bg2 Ne7 6. Nf3 Nbc6 7. b4 a6 8. Bb2 Ng6 9. a3 Be7 10. d3 0-0 11. 0-0 Bg4 12. Ne4 Rb8 13. Rc1 Bd6 14. d4 Bxf3 15. Bxf3 Nxd4 1/2-1/2

[Event "Kstovo op"]
[Site "Kstovo"]
[Date "1994.??.??"]
[Round "9"]
[White "Genba, Vladimir"]
[Black "Labutin, Sergey"]
[Result "0-1"]
[WhiteElo "2430"]
[BlackElo "2325"]
[PlyCount "78"]
[EventDate "1994.08.??"]
[EventType "swiss"]
[EventRounds "9"]
[EventCountry "RUS"]
[SourceTitle "CBM 042 Extra"]
[Source "ChessBase"]
[SourceDate "1994.11.01"]
[SourceVersion "1"]
[SourceVersionDate "1994.11.01"]
[SourceQuality "1"]

1. e4 c6 2. d4 d5 3. exd5 cxd5 4. c4 Nf6 5. Nc3 Nc6 6. Nf3 e6 7. cxd5 Nxd5 8. Bd3 Be7 9. 0-0 0-0 10. Re1 Nf6 11. a3 b6 12. Bc2 Ba6 13. b4 Rc8 14. Bb2 Bc4 15. Qd2 Qd6 16. Rad1 Rfd8 17. Qc1 Qc7 18. Qb1 g6 19. Ba4 Qb7 20. b5 Na5 21. Ne5 a6 22. Nxc4 Nxc4 23. bxa6 Qxa6 24. Bb5 Qa5 25. Bxc4 Rxc4 26. Ne4 Nd5 27. Qd3 Rdc8 28. h3 Rc2 29. Re2 Rxe2 30. Qxe2 Qa4 31. Qd3 Rc2 32. Bc1 Ra2 33. Bg5 Rxa3 34. Qd2 f6 35. Bh4 Ra2 36. Qe1 Kf7 37. Bg3 Qb4 38. Qf1 f5 39. Rb1 Qa3 0-1

[Event "Kstovo op"]
[Site "Kstovo"]
[Date "1994.??.??"]
[Round "8"]
[White "Labutin, Sergey"]
[Black "Verdihanov, Vladislav"]
[Result "1-0"]
[WhiteElo "2325"]
[BlackElo "2410"]
[PlyCount "70"]
[EventDate "1994.08.??"]
[EventType "swiss"]
[EventRounds "9"]
[EventCountry "RUS"]
[SourceTitle "CBM 042 Extra"]
[Source "ChessBase"]
[SourceDate "1994.11.01"]
[SourceVersion "1"]
[SourceVersionDate "1994.11.01"]
[SourceQuality "1"]

1. d4 Nf6 2. Nf3 e6 3. c4 b6 4. a3 Bb7 5. Nc3 g6 6. Qc2 Bg7 7. e4 d6 8. Bd3 Nbd7 9. 0-0 0-0 10. b4 a5 11. Bd2 h6 12. Rfb1 Nh7 13. Nb5 axb4 14. axb4 Rxa1 15. Rxa1 Qb8 16. Ra3 c6 17. Nc3 Re8 18. Qc1 g5 19. Be3 Nhf8 20. h4 f6 21. Ne2 d5 22. exd5 exd5 23. c5 bxc5 24. bxc5 Bc8 25. Ng3 Qc7 26. Nf5 Nb8 27. Qa1 Bxf5 28. Bxf5 Qf7 29. Ra8 Ne6 30. Qb1 Nd7 31. Qb7 g4 32. Qxc6 Rxa8 33. Qxa8+ Ndf8 34. Nh2 Qe7 35. Nxg4 Kf7 1-0

[Event "Sumperk op"]
[Site "Sumperk"]
[Date "1990.??.??"]
[Round "6"]
[White "Chernikov, Oleg L"]
[Black "Labutin, Sergey"]
[Result "1/2-1/2"]
[WhiteElo "2395"]
[BlackElo "2360"]
[PlyCount "22"]
[EventDate "1990.??.??"]
[EventType "swiss"]
[EventRounds "9"]
[EventCountry "CSR"]
[SourceTitle "EXT 1997"]
[Source "ChessBase"]
[SourceDate "1996.11.15"]
[SourceVersion "1"]
[SourceVersionDate "1996.11.15"]
[SourceQuality "1"]

1. e4 c6 2. d4 d5 3. exd5 cxd5 4. Bd3 Nc6 5. c3 Nf6 6. Bf4 Bg4 7. Qb3 Qc8 8. Nd2 e6 9. Ngf3 Be7 10. 0-0 0-0 11. Rfe1 Bh5 1/2-1/2

[Event "Prague Mladi op"]
[Site "Prague"]
[Date "1990.??.??"]
[Round "5"]
[White "Labutin, Sergey"]
[Black "Konopleva, Natalia"]
[Result "1-0"]
[WhiteElo "2360"]
[BlackElo "2145"]
[PlyCount "75"]
[EventDate "1990.??.??"]
[EventType "swiss"]
[EventRounds "9"]
[EventCountry "CZE"]
[SourceTitle "EXT 1997"]
[Source "ChessBase"]
[SourceDate "1996.11.15"]
[SourceVersion "1"]
[SourceVersionDate "1996.11.15"]
[SourceQuality "1"]

1. e4 g6 2. d4 Bg7 3. c4 Nc6 4. Nf3 e5 5. dxe5 Nxe5 6. Be2 Nxf3+ 7. Bxf3 d6 8. 0-0 Ne7 9. Nc3 0-0 10. Bg5 h6 11. Be3 Be6 12. Be2 a6 13. Qd2 Kh7 14. f4 f5 15. Bd4 Bxd4+ 16. Qxd4 Nc6 17. Qd2 Qf6 18. Rad1 Rae8 19. b3 Qg7 20. Bf3 fxe4 21. Bxe4 Bf5 22. Bf3 Rf7 23. h3 Qf6 24. Nd5 Qh4 25. Qc3 Nd8 26. Rde1 Ref8 27. Qd2 Qg3 28. Re3 Qh4 29. Be4 Bxe4 30. Rxe4 g5 31. Qd3 c6 32. f5 Qh5 33. Ne3 Rf6 34. Ng4 Qf7 35. Rfe1 h5 36. Nxf6+ Qxf6 37. Re7+ Kh6 38. R7e6 1-0

[Event "Sumperk op"]
[Site "Sumperk"]
[Date "1990.??.??"]
[Round "5"]
[White "Labutin, Sergey"]
[Black "Zhelnin, Vladimir V"]
[Result "1-0"]
[WhiteElo "2360"]
[BlackElo "2335"]
[PlyCount "121"]
[EventDate "1990.??.??"]
[EventType "swiss"]
[EventRounds "9"]
[EventCountry "CSR"]
[SourceTitle "EXT 1997"]
[Source "ChessBase"]
[SourceDate "1996.11.15"]
[SourceVersion "1"]
[SourceVersionDate "1996.11.15"]
[SourceQuality "1"]

1. e4 c5 2. Nf3 Nc6 3. Bb5 g6 4. 0-0 Bg7 5. Re1 e5 6. d3 Nge7 7. Nc3 0-0 8. h3 d6 9. Bc4 Nd4 10. Nd5 Kh8 11. c3 Nxd5 12. Bxd5 Ne6 13. a3 Nf4 14. Bxf4 exf4 15. Qd2 g5 16. d4 Rb8 17. Rad1 Qf6 18. e5 dxe5 19. dxe5 Qh6 20. Qd3 b6 21. Be4 g4 22. hxg4 Bxg4 23. Qa6 Bxe5 24. Nxe5 Bxd1 25. Rxd1 Qe6 26. Rd5 Rbd8 27. Qd3 Rxd5 28. Qxd5 Qxd5 29. Bxd5 Re8 30. Nxf7+ Kg7 31. Kf1 Kf6 32. c4 Re7 33. Nd6 Ke5 34. Nb5 a6 35. Nc3 Kd4 36. Ne2+ Kd3 37. Nxf4+ Kc2 38. b4 Kb3 39. bxc5 bxc5 40. Ne6 Kxa3 41. Nxc5 a5 42. f4 Kb4 43. Na6+ Kc3 44. c5 Kd4 45. Bf3 a4 46. c6 a3 47. Nb4 Kc4 48. Na2 Kc5 49. Kf2 Re8 50. f5 Kd6 51. Nc3 Re5 52. f6 Rf5 53. Ke3 Ra5 54. f7 Ke7 55. Bd5 a2 56. Bxa2 Rc5 57. Nd5+ Kxf7 58. c7 Ke8 59. Kd3 Rc1 60. Bc4 Kd7 61. Ba6 1-0

[Event "Sumperk op"]
[Site "Sumperk"]
[Date "1990.??.??"]
[Round "9"]
[White "Pala, Lubomir"]
[Black "Labutin, Sergey"]
[Result "1-0"]
[WhiteElo "2210"]
[BlackElo "2360"]
[PlyCount "78"]
[EventDate "1990.??.??"]
[EventType "swiss"]
[EventRounds "9"]
[EventCountry "CSR"]
[SourceTitle "EXT 1997"]
[Source "ChessBase"]
[SourceDate "1996.11.15"]
[SourceVersion "1"]
[SourceVersionDate "1996.11.15"]
[SourceQuality "1"]

1. c4 c5 2. Nc3 Nf6 3. Nf3 Nc6 4. d4 cxd4 5. Nxd4 d6 6. e4 e6 7. Be2 Be7 8. 0-0 0-0 9. Be3 Bd7 10. Nb3 b6 11. f4 Rc8 12. Kh1 Qc7 13. Rc1 Qb8 14. Qe1 Rfd8 15. Qg3 Kh8 16. Nd2 Be8 17. Nf3 Qb7 18. e5 Ng8 19. f5 exf5 20. Nd4 g6 21. e6 Bf6 22. Bf3 Be5 23. Qh3 Qe7 24. exf7 Nxd4 25. fxg8Q+ Kxg8 26. Nd5 Qg7 27. Bg5 Rd7 28. g4 Nxf3 29. Rxf3 Bf7 30. gxf5 Bxd5 31. cxd5 Rxc1+ 32. Bxc1 Rd8 33. Bh6 Qf7 34. fxg6 Qxd5 35. Qg2 Qxa2 36. g7 Qb1+ 37. Rf1 Qxf1+ 38. Qxf1 Bxg7 39. Qc4+ Kh8 1-0

[Event "Prague Mladi op"]
[Site "Prague"]
[Date "1990.??.??"]
[Round "6"]
[White "Titov, German1111"]
[Black "Labutin, Sergey"]
[Result "1-0"]
[WhiteElo "2460"]
[BlackElo "2360"]
[PlyCount "78"]
[EventDate "1990.??.??"]
[EventType "swiss"]
[EventRounds "9"]
[EventCountry "CZE"]
[SourceTitle "EXT 1997"]
[Source "ChessBase"]
[SourceDate "1996.11.15"]
[SourceVersion "1"]
[SourceVersionDate "1996.11.15"]
[SourceQuality "1"]

1. Nf3 c5 2. c4 Nf6 3. Nc3 Nc6 4. d4 cxd4 5. Nxd4 d6 6. e4 e6 7. Be2 Be7 8. 0-0 0-0 9. Be3 Bd7 10. f3 Re8 11. Qd2 Nxd4 12. Bxd4 Bc6 13. b4 b6 14. Rfd1 Nd7 15. a3 Bf8 16. Bf1 h6 17. Qf2 Qg5 18. Rac1 Rac8 19. Kh1 Qe7 20. a4 Ba8 21. Be3 Ne5 22. Nb5 Rc6 23. a5 Rb8 24. axb6 axb6 25. Qg3 Nd7 26. Bxh6 d5 27. Na7 Rd6 28. cxd5 exd5 29. Nc8 Qf6 30. Bf4 Rc6 31. Bxb8 Rxc1 32. Rxc1 dxe4 33. fxe4 Bxe4 34. Bd6 Qb2 35. Bxf8 Kxf8 36. Qc3 Qf2 37. Nd6 Bd5 38. Qe1 Qxe1 39. Rxe1 g5 1-0